| 000 | 00331nam a22001097a 4500 | ||
|---|---|---|---|
| 082 | _a678.2 PAY'E | ||
| 100 |
_aPAYNS, A. R,SCOTT, J. R _958159 |
||
| 245 | _aENGINEERING DESIGN WITH RUBBER THE PROPERTIES TESTING AND DESIGN OF RUBBER AS ON ENGINEERING MATERIALS | ||
| 260 |
_aLONDON _bMACMILLAN _c1960 |
||
| 300 | _a255P | ||
| 942 | _cBK | ||
| 999 |
_c568370 _d568370 |
||